00345pab a2200121 454500008004000000100001800040245007800058260000900136300001400145362001100159650001900170773003400189180718b2008 xxu||||| |||| 00| 0 eng d aSrivatsan, R. aFrom Ambedkar to Thakkar and beyond: towards a genealogy of our activisms c2008 ap.96-102. a27 Sep aAmbedkar, B.R. aEconomic and Political Weekly